Szybka zamiana jednostek - Statystyki

Ogólne statystyki
  • Ten quiz został rozwiązany 46 razy
  • Średni wynik to 11 z 15
Statystyki odpowiedzi
Jednostki do zamiany Odpowiedź Zamień na tą jednostkę % Poprawnych
2t 2000 kg
97%
5dt 500 kg
97%
5kg 5000 g
92%
1000000cm 10 km
90%
1q 100 kg
87%
1kW 1000 Wat
85%
240s 4 min.
85%
8a 800 m2
77%
1cm 0,001 m
74%
4dm 0,4 m
74%
100ha 10000 a
74%
10ha 100000 m2
67%
8dt 0,8 t
46%
1 stopień Celsjusza 273,15 Stopień Kelwina
10%
3 stopnie Celsjusza 819,45 Stopień Kelwina
3%
Nie znaleziono quizów pasujących do podanych kryteriów
Rozkład punktacji
Procent ludzi z każdym wynikiem
Percentyl według liczby udzielonych odpowiedzi
Twoja historia wyników
Nie rozwiązałeś tego quizu